1084 1334 1087 1386 1453 1693 1173 1299 1494 1401 1140 1314 1531 1943 1389 1179 1038 1775 1524 1310 1137 1118 1617 1391 1208 1595 1409 1461 1131 1136 1908 1995 1830 1072 1930 1329 1386 1378 1866 1114 1561 1423 1618 1911 1287 1269 1363 1141 1033 1546 1597 1030 1323 1987 1178 1263 1809 1710 1571 1175 1668 1052 1709 1224 1407 1706 1646 1987 1145 1158 1073 1062 1108 1309 1393 1536 1930 1091 1782 1381 1086 1192 1823 1701 1151 1291 1280 1107 1126 1067 1901 1579 1191 1468 1987 1161 1936 1805 1532 BCNSPRNW ULIB Ver.6.0+V

เปลี่ยนเป็นภาษาไทย

Change to English
 แสดงรายละเอียดบรรณานุกรม
  กลับหน้าหลัก

Brief Record : Get Marc (ISO 2709) : E-mail record : QR code < ปิดหน้าต่าง
LEADER : 00000nam 2200000uu 4500
001    13399114513
003     ULIB
008    120411s2552||||th 000 0 tha d
020    ^a9786117190186
090    ^aนว.^bน418พ 2552
100 0  ^aนันทนา วีระชน
245 00 ^aพระจันทร์ข้างแรม /^cนันทนา วีระชน
250    ^aพิมพ์ครั้งที่ 1
260    ^aกรุงเทพฯ :^bอินเลิฟ,^c2552
300    ^a404 หน้า
710 1  ^aอินเลิฟ
945    ^p294^l0^i15946
995    ^aกัณชพร
999    ^aใช้งานได้ทุกระบบ
รายการนี้ยังไม่มีแท็ก
คุณยังไม่ได้ล็อกอิน คุณสามารถมีกิจกรรมร่วมกับเว็บไซต์ได้ แต่ต้องล็อกอินก่อน ::
  ล็อกอิน

รายการสื่อสารสนเทศ

ลำดับที่ ประเภท เลขเรียก/บาร์โค้ด สถานที่ สถานะ
1. นวนิยาย
นวนิยาย
นว. น418พ 2552  
  Barcode: 15946
ห้องสมุดวิทยาเขตสวรรค์ประชารักษ์
►นวนิยาย
บนชั้น
  ขอยืม

รายการใกล้เคียง
    ผู้แต่ง [นันทนา วีระชน]

BibComment


ยังไม่เคยถูกคอมเมนท์

คอมเมนท์ทรัพยากรรายการนี้
  คอมเมนท์: พระจันทร์ข้างแรม..


 Copyright 2026. Bcnsprnw @Library